00513nam a2200157Ia 4500008004100000041001200041082001600053100001400069245002900083260002900112300000800141650001600149942000700165999001300172952017000185221030s9999 xx 000 0 und d aEnglish a105.23bWai aM. Waite 0aComputer Graphics Primer bHoward & WamsaUSAc1983 a184 aBE Computer cBK c974d974 pBE 10g574.00l0o105.23 Wair2024-06-13 00:00:00w2022-10-30yBK003Print4070aMIETLIBbMIETLIBcBL-Academic Block Ac, FL-1, CUP-37, SH-1, R-1d1996-10-0810HBE